000 00857nam a2200265Ia 4500
008 191130s2002##################000#0#eng##
020 _a9780805837438
022 _a2001040724
040 _aACL
_cACL
082 _a302 GOO
245 _aInappropriate relationships : the unconventional, the disapproved & the forbidden
_cedited by Robin Goodwin and Duncan Cramer
260 _aMahwah, NJ
_bLawrence Erlbaum Associates
_c2002
300 _axvi, 281 p. ; 23 cm
500 _aIncludes bibliographical references and indexes
650 _aInterpersonal Relations
650 _aInterpersonal relations and culture
650 _aSexual ethics
650 _aSocial change
650 _aSocial norms
700 _aCramer, Duncan
700 _aGoodwin, Robin
990 _aafb0b88eac10000c650403a67d1e5931
991 _a223328
999 _c213192
_d213192